000 00295nam a2200133Ia 4500
008 230312s9999||||xx |||||||||||||| ||und||
020 _a0-538-43808-8
082 _a658.84
_bKLE-E
100 _aKleindl
245 0 _aE-Commerce Marketing
300 _a312
650 _aManagement
942 _cBK
999 _c14780
_d14780